Tout les pays ayant "Du nord" ou "Du sud" dans leur nom - Statistiques

Statistiques générales
  • Ce quiz a été pris 463 fois
  • Le résultat moyen est 4 sur 5
Statistiques - réponses
Nord/Sud Réponses % Correct
Nord Corée du Nord
95%
Sud Corée du Sud
95%
Sud Soudan du sud
80%
Sud Afrique du Sud
78%
Nord Macédoine du Nord
67%
Aucun quiz correspondant
Distribution des résultats
% des personnes avec chaque résultat
Percentile par nombre de réponses
Votre historique - résultats
Vous n’avez pas pris ce quiz